| 000 | 00357nam a2200145Ia 4500 | ||
|---|---|---|---|
| 008 | 150201s1999 xx 000 0 und d | ||
| 082 |
_a615.321 _bM1999G |
||
| 100 | _aGUPTA L.C. | ||
| 245 | _aMANUAL OF PHARMACOLOGY | ||
| 250 | _a4TH | ||
| 260 |
_bJAYPEE MEDICAL PUBLISHER _aNEW DELHI _c1999 |
||
| 300 | _a1-224 | ||
| 650 | _aPHARMACOLOGY | ||
| 942 |
_2ddc _cBK |
||
| 999 |
_c2967 _d2967 |
||